000 00303nam a2200121 i 4500
001 bg
245 0 _aPrzewodnik do ćwiczeń laboratoryjnych z badań silników spalinowych.
260 _aSzczecin,
_c1987.
040 _cBPK
041 _apol
942 _cKS
008 s pl f |000 0 pol
999 _c10234
_d10234
856 _uhttp://koha.tu.koszalin.pl/cgi-bin/koha/opac-detail.pl?biblionumber=10234
_yKatalog online BPK